Теоретична електротехника (Запис номер 61057)
[ съкратено ]
| 000 -Лидер | |
|---|---|
| Контролно поле с фиксирана дължина | 01423nam a2200325 c 4500 |
| 003 - Код на организацията, давaща контролен номер | |
| Контролно поле | BLK |
| 005 - Дата и час на последна редакция | |
| Контролно поле | 20180422102422.0 |
| 008 - Елементи от данни с фиксирана дължина | |
| fixed length control field | 180408b bul|||||r ||||||| ||bul|| |
| 010 ## - Наследен системен номер | |
| LC control number | KNG00065248000 |
| 040 ## - Източник на каталожния запис | |
| Идентификатор на билиотеката - собственик на записа | BLK |
| 041 ## - Код за език | |
| Код за езика на текст/звукозапис или на отделно заглавие | Български |
| Код за езика КДБФ | Български |
| 080 ## - УДК | |
| Текстов определител УДК | Електротехника |
| УДК код - определител по УДК | 621.3 |
| УДК определител | (075.8) |
| УДК - код + определител | 621.3(075.8) |
| 100 1# - Редна дума - Автор | |
| Автор | Фархи, Самуил Леон |
| Авторска отговорност | първи автор |
| R(LIN) | 369914 |
| 139 ## - Редно поле | |
| Редна дума | Фархи, Самуил Леон и др. |
| Авторски знак | Фар - Ф 23 |
| 245 10 - Сведения за заглавието | |
| Заглавие | Теоретична електротехника |
| Подзаглавни данни | Учебник за студентите от ВМЕИ В. И. Ленин - София : Ч. 1 - |
| Редно поле (дума) | Самуил Леон Фархи; съавт. Саша П. Папазов. |
| Том | Ч. 1 |
| 257 ## - Страна на издаване | |
| Страна на създаване/издаване | България |
| 260 ## - Област на издателските данни | |
| -- | София |
| Име на издателя, разпространителя и проч. | Техника |
| Година на издаване | 1981 - |
| Печатница | За том: Враца : печ. В. Александров |
| 300 ## - Физическа характеристика | |
| Размери/Мащаб | 22 см |
| 380 ## - Жанр | |
| Жанр | Техника |
| 650 #4 - Допълнително описание по предмет – тема | |
| Основно описание – тема или топоним | Електротехника - учебници за ВУЗ |
| 9 (RLIN) | 243545 |
| 653 ## - Ключова дума – ненормативна | |
| Ключова дума | електротехника |
| 653 ## - Ключова дума – ненормативна | |
| Ключова дума | учебници за ВУЗ |
| 700 1# - Други автори (авторска отговорност) | |
| Лично име | Папазов, Саша П. |
| Автороска отговорност (Описва отношението между автора и произведението) | съавт. |
| 9 (RLIN) | 290311 |
| 760 1# - Описание на основната серия | |
| Редна дума на основното описание | Фархи, Самуил Леон |
| Място на издаване, издател и година | 1981 |
| Страници - том | 631 с. : със сх., табл., черт. |
| Забележка - том | Азб. показалец |
| Заглавие | Ч. 1 |
| 852 ## - Местоположение | |
| Форматна сигнатура | Цб 108979 |
| 856 4# - Електронен адрес и достъп | |
| Електронен формат | pdf - файл |
| Път до файла /url/ | |
| 856 4# - Електронен адрес и достъп | |
| Електронен формат | pdf - файл |
| Път до файла /url/ | |
| 942 ## - АРТИКУЛИ | |
| Вид на библиотечния материал | Книги |
| Скрит в OPAC | Не |
| 944 ## - СЪЗДАВАНЕ И РЕДАКЦИЯ на ЗАПИСА | |
| Създаване/Редакция | Създаване |
| Дата на регистрацията/редакция | 13.06.2004 |
| Служител, извършил регистрацията/редакцията | Геновева_Генчева |
| 944 ## - СЪЗДАВАНЕ И РЕДАКЦИЯ на ЗАПИСА | |
| Създаване/Редакция | Редакция |
| Дата на регистрацията/редакция | 27.01.2006 |
| Служител, извършил регистрацията/редакцията | Грета_Цуфелде |
| 999 ## - СИСТЕМНИ КОНТРОЛНИ НОМЕРА | |
| Koha biblionumber | 61057 |
| Koha biblioitemnumber | 61057 |
| Код за отписване | Код за изгубен артикул | Източник на класификационната схема | Код за повреда | Коз за рестрикции | Код за отдаване | Артикулен № | Име на библиотеката - собственик | Име на библиотеката, в която се намира в момента | Статус (Текущо местоположение) | Дата на вписване в системата | Местоположение - отдел | Цена в лева | Инвентарен номер | Систематично азбучна сигнатура | Баркод | Номер на екземпляра | Цена в евро | Служебна бележка | Служебен тип на артикула |
|---|---|---|---|---|---|---|---|---|---|---|---|---|---|---|---|---|---|---|---|
| Не е изгубен | Universal Decimal Classification | Не е повреден | без рестрикции | ползва се в читалня | 100789 | Регионална библиотека "Любен Каравелов" Русе | Регионална библиотека "Любен Каравелов" Русе | Читалня | 1993-01-01 | Читалня | 2.91 | 347208 | Ч 621.3/Ф 23 | 120000347208 | 1 | 1.49 | Дата инв: 24.03.2017 Бележки инв: Ч2017 | Книги | |
| Не е изгубен | Universal Decimal Classification | Не е повреден | без рестрикции | ползва се в читалня | 100790 | Регионална библиотека "Любен Каравелов" Русе | Регионална библиотека "Любен Каравелов" Русе | Хранилище | 1987-01-01 | Хранилище | 2.91 | 328562 | Цб 108979 | 120000328562 | 2 | 1.49 | Дост: Dp Вид: Д N: стар фонд Дата: 01.01.1987 | Книги |